00797nam a2200193 a 450000100100000000500170001000800410002704000250006808200150009310000300010824500670013826000350020530000110024049000550025150400320030683000620033895201860040099900170058600003515320200930074135.0111025s1964 sp 000 0 spa d aDO-SdBNPbspacBNPHU axxxxbL3341 aLarroque, Enriquez96086613aEl hombre y la revolución científica. /cEnrique Larroque. aMadrid :bEspasa-Calpe,c1964. a227 p.1 aHistoria y filosofía de la ciencia.aSerie mayor aBibliografía : p. 325-327 0aHistoria y filosofía de la ciencia.aSerie mayor960867 001050718MOaGRbGRcCTd2011-10-25iLF1l0oxxxx L334p35153-10r2020-06-25w2020-06-25y1zPerteneció a la biblioteca personal de Juan Isidro Jimenes -GrullónZNo se presta c34644d34644